000 00491nam a2200169Ia 4500
003 GCL
008 140319s9999 xx 000 0 ara d
040 _aGCL /
_cGCL
082 0 4 _a792.02
_bع م
100 1 _aعواطف ابراهيم محمد
245 1 0 _aمفاهيم التعبير والتواصل فى مسرح الطفل /
_cعواطف ابراهيم محمد
300 _a441 ص
490 _a
650 0 4 _aالمسرح
650 0 4 _aالتذوق الفنى
942 _2ddc
_cBK
999 _c39593
_d39593